LEADER 02502nam 22007092 450 001 9910145901603321 005 20230828222454.0 035 $a(CKB)1000000000279344 035 $a(ItFiC)it00965572 035 $a(MH)011326341-4 035 $a(SSID)ssj0000576741 035 $a(PQKBManifestationID)12197225 035 $a(PQKBTitleCode)TC0000576741 035 $a(PQKBWorkID)10558105 035 $a(PQKB)11774153 035 $a(EXLCZ)991000000000279344 100 $a20060828d2001 uy 0 101 0 $aeng 181 $ctxt 182 $cc 183 $acr 200 00$aAmerican foundations and large-scale research $econstruction and transfer of knowledge /$fedited by Giuliana Gemelli$b[electronic resource] 210 $aBologna $cCLUEB$d2001 215 $a1 online resource (xiii, 252 p.) 225 0$aHeuresis.$nXXI,$pSezione di storia della scienza ;$v1 300 $aPapers presented to the meeting, Bogliasco (Genoa), 2000. 311 $a88-491-1729-9 320 $aIncludes bibliographical references. 606 $aInternationality 606 $aFinancial Support 606 $aOrganizations, Nonprofit 606 $aEconomics 606 $aOrganizations 606 $aSocial Sciences 606 $aHealth Care Economics and Organizations 606 $aAnthropology, Education, Sociology and Social Phenomena 606 $aDelivery of Health Care 606 $aInternational Cooperation 606 $aFoundations 606 $aResearch Support as Topic 615 2$aInternationality. 615 2$aFinancial Support. 615 2$aOrganizations, Nonprofit. 615 2$aEconomics. 615 2$aOrganizations. 615 2$aSocial Sciences. 615 2$aHealth Care Economics and Organizations. 615 2$aAnthropology, Education, Sociology and Social Phenomena 615 2$aDelivery of Health Care. 615 2$aInternational Cooperation. 615 2$aFoundations. 615 2$aResearch Support as Topic. 676 $a507 702 $aGemelli$b Giuliana 801 0$bItFiC 801 1$bItFiC 801 2$bMH 906 $aBOOK 912 $a9910145901603321 996 $aAmerican foundations and large-scale research$92433160 997 $aUNINA 999 $aThis Record contains information from the Harvard Library Bibliographic Dataset, which is provided by the Harvard Library under its Bibliographic Dataset Use Terms and includes data made available by, among others the Library of Congress